[Event "7th Arber Senior Cup"]
[Site "chess24.com"]
[Date "2019.07.27"]
[Round "1"]
[White "Pirrot, Dieter"]
[Black "Schmid, Johann"]
[Result "1-0"]
[Board "1"]
[WhiteElo "2315"]
[WhiteTitle "IM"]
[WhiteCountry "GER"]
[WhiteFideId "4601157"]
[WhiteEloChange "2"]
[BlackElo "1842"]
[BlackCountry "GER"]
[BlackFideId "24643807"]
[BlackEloChange "-2"]

1. e4 {[%clk 2:10:57]} e6 {[%clk 2:10:52]} 2. d4 {[%clk 2:11:21]} d5 {[%clk
2:11:16]} 3. Nd2 {[%clk 2:10:16]} Nf6 {[%clk 2:11:04]} 4. e5 {[%clk 2:10:33]}
Nfd7 {[%clk 2:11:52]} 5. Bd3 {[%clk 2:10:49]} c5 {[%clk 2:12:06]} 6. c3 {[%clk
2:11:11]} Nc6 {[%clk 2:12:19]} 7. Ngf3 {[%clk 2:09:52]} c4 {[%clk 2:12:09]} 8.
Bb1 {[%clk 2:08:26]} b5 {[%clk 2:12:16]} 9. h4 {[%clk 2:04:21]} Be7 {[%clk
2:08:32]} 10. Nf1 {[%clk 2:03:51]} h6 {[%clk 2:02:49]} 11. Ng3 {[%clk 2:00:55]}
b4 {[%clk 1:56:38]} 12. Nh5 {[%clk 1:51:05]} Bf8 {[%clk 1:55:53]} 13. Rh3 {[%clk
1:49:01]} Ne7 {[%clk 1:47:05]} 14. Bc2 {[%clk 1:31:57]} g6 {[%clk 1:43:07]} 15.
Nf6+ {[%clk 1:31:58]} Nxf6 {[%clk 1:43:19]} 16. exf6 {[%clk 1:32:17]} Nf5 {[%clk
1:43:20]} 17. Ba4+ {[%clk 1:32:26]} Bd7 {[%clk 1:43:31]} 18. Ne5 {[%clk 1:32:38]}
1-0

[Event "7th Arber Senior Cup"]
[Site "chess24.com"]
[Date "2019.07.27"]
[Round "1"]
[White "Wolff, Peter"]
[Black "Pribyl, Josef"]
[Result "1/2-1/2"]
[Board "2"]
[WhiteElo "1915"]
[WhiteCountry "GER"]
[WhiteFideId "4655613"]
[WhiteEloChange "7"]
[BlackElo "2234"]
[BlackTitle "IM"]
[BlackCountry "CZE"]
[BlackFideId "300187"]
[BlackEloChange "-7"]

1. c4 {[%clk 2:10:58]} e5 {[%clk 2:10:52]} 2. g3 {[%clk 2:11:23]} Nc6 {[%clk
2:11:10]} 3. Nc3 {[%clk 2:11:41]} Bb4 {[%clk 2:11:31]} 4. Nd5 {[%clk 2:11:25]}
Bc5 {[%clk 2:11:59]} 5. Bg2 {[%clk 2:11:07]} Nge7 {[%clk 2:12:23]} 6. a3 {[%clk
2:08:01]} a5 {[%clk 2:12:50]} 7. e3 {[%clk 2:07:50]} d6 {[%clk 2:13:09]} 8. Ne2
{[%clk 2:07:59]} h5 {[%clk 2:12:15]} 9. h3 {[%clk 2:02:44]} Nxd5 {[%clk 2:10:40]}
10. cxd5 {[%clk 2:02:36]} Ne7 {[%clk 2:11:08]} 11. d4 {[%clk 1:59:02]} Bb6 {[%clk
2:11:36]} 12. Bd2 {[%clk 1:55:35]} f6 {[%clk 2:06:59]} 13. Rc1 {[%clk 1:41:49]}
Bd7 {[%clk 2:07:26]} 14. dxe5 {[%clk 1:36:08]} fxe5 {[%clk 2:05:51]} 15. Nc3
{[%clk 1:36:25]} c6 {[%clk 2:04:17]} 16. dxc6 {[%clk 1:20:35]} Bxc6 {[%clk
2:04:21]} 17. Bxc6+ {[%clk 1:19:46]} bxc6 {[%clk 2:04:48]} 18. Ne4 {[%clk
1:18:26]} Qd7 {[%clk 2:00:12]} 19. Qb3 {[%clk 1:14:51]} Bc7 {[%clk 1:56:03]} 20.
Ng5 {[%clk 1:08:28]} d5 {[%clk 1:56:19]} 21. e4 {[%clk 1:05:14]} Rf8 {[%clk
1:52:08]} 22. Nh7 {[%clk 0:54:46]} Rf7 {[%clk 1:37:07]} 23. Ng5 {[%clk 0:55:03]}
Rf6 {[%clk 1:37:23]} 24. Nh7 {[%clk 0:54:34]} 1/2-1/2

[Event "7th Arber Senior Cup"]
[Site "chess24.com"]
[Date "2019.07.27"]
[Round "1"]
[White "Blechzin, Igor"]
[Black "Busch, Joerg"]
[Result "1-0"]
[Board "3"]
[WhiteElo "2221"]
[WhiteTitle "IM"]
[WhiteCountry "RUS"]
[WhiteFideId "4116208"]
[WhiteEloChange "2"]
[BlackElo "1851"]
[BlackCountry "GER"]
[BlackFideId "4640241"]
[BlackEloChange "-2"]

1. c4 {[%clk 2:10:52]} c6 {[%clk 2:10:53]} 2. e4 {[%clk 2:10:09]} d5 {[%clk
2:10:56]} 3. exd5 {[%clk 2:10:31]} cxd5 {[%clk 2:11:18]} 4. d4 {[%clk 2:10:56]}
Nf6 {[%clk 2:08:56]} 5. Nc3 {[%clk 2:11:07]} e6 {[%clk 2:08:53]} 6. Nf3 {[%clk
2:10:49]} Nc6 {[%clk 2:07:31]} 7. Bg5 {[%clk 2:09:55]} Be7 {[%clk 2:06:10]} 8.
Bd3 {[%clk 2:08:38]} dxc4 {[%clk 2:05:28]} 9. Bxc4 {[%clk 2:09:01]} Nd5 {[%clk
2:01:43]} 10. Be3 {[%clk 2:05:50]} Nxe3 {[%clk 1:58:03]} 11. fxe3 {[%clk
2:06:14]} O-O {[%clk 1:57:21]} 12. O-O {[%clk 2:06:30]} a6 {[%clk 1:56:05]} 13.
Rc1 {[%clk 2:02:08]} Qb6 {[%clk 1:45:02]} 14. Qe2 {[%clk 2:00:09]} Bf6 {[%clk
1:40:33]} 15. Ne4 {[%clk 1:59:35]} Be7 {[%clk 1:39:17]} 16. a3 {[%clk 1:55:42]}
Bd7 {[%clk 1:35:53]} 17. b4 {[%clk 1:54:16]} Na7 {[%clk 1:25:11]} 18. Ne5 {[%clk
1:49:51]} Rad8 {[%clk 1:20:08]} 19. Nc5 {[%clk 1:48:43]} Be8 {[%clk 1:16:37]} 20.
Rf3 {[%clk 1:39:59]} Nc6 {[%clk 1:13:33]} 21. Ned3 {[%clk 1:40:17]} Na7 {[%clk
1:11:44]} 22. Rcf1 {[%clk 1:38:51]} Bb5 {[%clk 1:10:12]} 23. Ne5 {[%clk 1:34:07]}
Be8 {[%clk 1:02:55]} 24. Qa2 {[%clk 1:26:09]} Bf6 {[%clk 0:54:47]} 25. Ng4 {[%clk
1:23:02]} Bxd4 {[%clk 0:47:45]} 26. exd4 {[%clk 1:22:41]} Rxd4 {[%clk 0:47:52]}
27. Bxe6 {[%clk 1:22:20]} Kh8 {[%clk 0:46:28]} 28. Ne5 {[%clk 1:21:56]} f6 {[%clk
0:46:02]} 29. Qf2 {[%clk 1:19:25]} Qd6 {[%clk 0:44:27]} 30. Nc4 {[%clk 1:19:13]}
1-0

[Event "7th Arber Senior Cup"]
[Site "chess24.com"]
[Date "2019.07.27"]
[Round "1"]
[White "Lorenc, Tomas"]
[Black "Bauer, Werner"]
[Result "1-0"]
[Board "5"]
[WhiteElo "2158"]
[WhiteCountry "CZE"]
[WhiteFideId "313203"]
[WhiteEloChange "3"]
[BlackElo "1881"]
[BlackCountry "GER"]
[BlackFideId "24698059"]
[BlackEloChange "-3"]

1. c4 {[%clk 2:10:56]} c5 {[%clk 2:10:16]} 2. g3 {[%clk 2:11:20]} Nc6 {[%clk
2:10:38]} 3. Bg2 {[%clk 2:11:41]} g6 {[%clk 2:10:15]} 4. Nc3 {[%clk 2:10:19]} Bg7
{[%clk 2:10:38]} 5. Nf3 {[%clk 2:10:02]} Nf6 {[%clk 2:10:10]} 6. a3 {[%clk
2:09:41]} d5 {[%clk 2:09:24]} 7. cxd5 {[%clk 2:06:54]} Nxd5 {[%clk 2:09:51]} 8.
O-O {[%clk 2:05:48]} O-O {[%clk 2:07:10]} 9. Qc2 {[%clk 1:59:21]} Nxc3 {[%clk
1:59:59]} 10. bxc3 {[%clk 1:57:54]} e5 {[%clk 1:56:34]} 11. Rd1 {[%clk 1:53:10]}
h6 {[%clk 1:43:20]} 12. Rb1 {[%clk 1:47:15]} Qe7 {[%clk 1:39:42]} 13. a4 {[%clk
1:36:26]} e4 {[%clk 1:19:29]} 14. Ne1 {[%clk 1:31:54]} Bf5 {[%clk 1:19:28]} 15.
d3 {[%clk 1:22:27]} exd3 {[%clk 1:18:28]} 16. exd3 {[%clk 1:22:54]} c4 {[%clk
1:10:29]} 17. Qa2 {[%clk 1:19:22]} Bxc3 {[%clk 1:07:38]} 18. Ba3 {[%clk 1:15:44]}
Bb4 {[%clk 1:02:49]} 19. Bxb4 {[%clk 0:57:49]} Nxb4 {[%clk 1:03:07]} 20. Qxc4
{[%clk 0:58:01]} a5 {[%clk 1:02:41]} 21. Qf4 {[%clk 0:56:49]} Kg7 {[%clk
1:00:17]} 22. g4 {[%clk 0:55:04]} Be6 {[%clk 0:52:39]} 23. Nf3 {[%clk 0:53:44]}
Rfd8 {[%clk 0:48:46]} 24. d4 {[%clk 0:47:46]} Nd5 {[%clk 0:48:13]} 25. Qe5+
{[%clk 0:47:02]} f6 {[%clk 0:46:02]} 26. Qe4 {[%clk 0:45:32]} Qd7 {[%clk
0:41:20]} 27. Rdc1 {[%clk 0:39:48]} Bxg4 {[%clk 0:37:12]} 28. Nh4 {[%clk
0:38:31]} f5 {[%clk 0:29:11]} 29. Qe5+ {[%clk 0:38:38]} Kg8 {[%clk 0:25:39]} 30.
Nxg6 {[%clk 0:38:02]} Qg7 {[%clk 0:22:47]} 31. Bxd5+ {[%clk 0:37:47]} 1-0

[Event "7th Arber Senior Cup"]
[Site "chess24.com"]
[Date "2019.07.27"]
[Round "1"]
[White "Klimpel, Siegfried"]
[Black "Koehler, Gerhard, Dr."]
[Result "0-1"]
[Board "6"]
[WhiteElo "1843"]
[WhiteCountry "GER"]
[WhiteFideId "1270271"]
[WhiteEloChange "-2"]
[BlackElo "2197"]
[BlackCountry "GER"]
[BlackFideId "12909700"]
[BlackEloChange "2"]

1. e4 {[%clk 2:10:51]} c5 {[%clk 2:10:58]} 2. d4 {[%clk 2:11:13]} cxd4 {[%clk
2:11:19]} 3. c3 {[%clk 2:11:38]} Nf6 {[%clk 2:11:39]} 4. e5 {[%clk 2:11:58]} Nd5
{[%clk 2:11:59]} 5. cxd4 {[%clk 2:12:07]} e6 {[%clk 2:11:51]} 6. Bc4 {[%clk
2:12:23]} d6 {[%clk 2:11:21]} 7. Nf3 {[%clk 2:11:43]} Nc6 {[%clk 2:11:07]} 8. O-O
{[%clk 2:10:12]} Be7 {[%clk 2:09:13]} 9. Nc3 {[%clk 2:10:07]} Nxc3 {[%clk
2:07:05]} 10. bxc3 {[%clk 2:09:49]} dxe5 {[%clk 2:07:32]} 11. dxe5 {[%clk
2:09:28]} Qa5 {[%clk 2:03:37]} 12. Qe1 {[%clk 2:03:30]} Bd7 {[%clk 1:56:29]} 13.
Bd2 {[%clk 1:58:27]} Qc5 {[%clk 1:48:28]} 14. Bd3 {[%clk 1:46:56]} Na5 {[%clk
1:48:28]} 15. Be3 {[%clk 1:46:56]} Qc7 {[%clk 1:48:28]} 16. Bd4 {[%clk 1:46:56]}
Bc6 {[%clk 1:48:28]} 17. Qe2 {[%clk 1:46:56]} O-O {[%clk 1:48:28]} 18. Nd2 {[%clk
1:46:56]} Bd5 {[%clk 1:48:28]} 19. h4 {[%clk 1:46:56]} Rac8 {[%clk 1:48:28]} 20.
Rfe1 {[%clk 1:46:56]} 0-1

[Event "7th Arber Senior Cup"]
[Site "chess24.com"]
[Date "2019.07.27"]
[Round "1"]
[White "Glaessl, Matthias"]
[Black "Braeu, Ludwig"]
[Result "1-0"]
[Board "7"]
[WhiteElo "2148"]
[WhiteCountry "GER"]
[WhiteFideId "16253507"]
[WhiteEloChange "3"]
[BlackElo "1818"]
[BlackCountry "GER"]
[BlackFideId "4671210"]
[BlackEloChange "-3"]

1. e4 {[%clk 2:10:56]} c5 {[%clk 2:10:45]} 2. Nf3 {[%clk 2:11:20]} Nc6 {[%clk
2:11:04]} 3. d4 {[%clk 2:11:42]} cxd4 {[%clk 2:11:25]} 4. Nxd4 {[%clk 2:12:10]}
g6 {[%clk 2:11:41]} 5. Be3 {[%clk 2:12:16]} Nf6 {[%clk 2:11:38]} 6. Nc3 {[%clk
2:12:36]} Bg7 {[%clk 2:11:53]} 7. Be2 {[%clk 2:12:00]} O-O {[%clk 2:12:05]} 8.
Qd2 {[%clk 2:11:18]} d5 {[%clk 2:12:17]} 9. exd5 {[%clk 2:11:04]} Nxd5 {[%clk
2:10:28]} 10. Nxd5 {[%clk 2:10:49]} Nxd4 {[%clk 2:09:02]} 11. Bxd4 {[%clk
2:01:22]} Qxd5 {[%clk 2:08:42]} 12. Bxg7 {[%clk 2:01:02]} Qxd2+ {[%clk 2:08:36]}
13. Kxd2 {[%clk 2:01:26]} Kxg7 {[%clk 2:08:23]} 14. Bd3 {[%clk 1:59:58]} Bf5
{[%clk 2:01:46]} 15. Bxf5 {[%clk 1:58:11]} gxf5 {[%clk 1:48:58]} 16. Rad1 {[%clk
1:57:48]} e5 {[%clk 1:47:40]} 17. Ke2 {[%clk 1:57:04]} Rfd8 {[%clk 1:47:33]} 18.
c3 {[%clk 1:57:25]} Kf6 {[%clk 1:46:11]} 19. Rhg1 {[%clk 1:55:55]} h5 {[%clk
1:43:07]} 20. g3 {[%clk 1:53:17]} Rac8 {[%clk 1:37:37]} 21. Rge1 {[%clk 1:51:34]}
Ke6 {[%clk 1:29:41]} 22. Rxd8 {[%clk 1:50:10]} Rxd8 {[%clk 1:30:01]} 23. Rc1
{[%clk 1:50:32]} b5 {[%clk 1:26:39]} 24. Ra1 {[%clk 1:45:16]} Rd6 {[%clk
1:23:50]} 25. a3 {[%clk 1:41:01]} Kd5 {[%clk 1:19:00]} 26. a4 {[%clk 1:38:52]}
bxa4 {[%clk 1:11:47]} 27. Rxa4 {[%clk 1:39:04]} a6 {[%clk 1:11:40]} 28. Ra5+
{[%clk 1:35:35]} Ke6 {[%clk 1:05:51]} 29. Rc5 {[%clk 1:30:37]} f6 {[%clk
0:50:03]} 30. b4 {[%clk 1:30:47]} Kd7 {[%clk 0:49:27]} 31. Rc4 {[%clk 1:26:41]}
Rc6 {[%clk 0:48:54]} 32. Rxc6 {[%clk 1:25:48]} Kxc6 {[%clk 0:49:16]} 33. c4
{[%clk 1:26:11]} Kb6 {[%clk 0:48:25]} 34. Kd3 {[%clk 1:26:28]} Kc6 {[%clk
0:48:30]} 35. Kc3 {[%clk 1:26:12]} Kb6 {[%clk 0:46:50]} 36. h4 {[%clk 1:25:01]}
a5 {[%clk 0:43:14]} 37. bxa5+ {[%clk 1:21:34]} Kxa5 {[%clk 0:42:16]} 38. Kb3
{[%clk 1:21:57]} Kb6 {[%clk 0:42:16]} 39. Kb4 {[%clk 1:21:57]} Kc6 {[%clk
0:41:39]} 40. c5 {[%clk 1:22:13]} Kc7 {[%clk 0:41:55]} 41. Kb5 {[%clk 1:22:33]}
Kb7 {[%clk 0:41:55]} 42. c6+ {[%clk 1:22:56]} Kc7 {[%clk 0:42:20]} 43. Kc5 {[%clk
1:23:26]} Kc8 {[%clk 0:42:43]} 44. Kd6 {[%clk 1:23:40]} Kd8 {[%clk 0:43:01]} 45.
Ke6 {[%clk 1:23:43]} Ke8 {[%clk 0:43:01]} 1-0

[Event "7th Arber Senior Cup"]
[Site "chess24.com"]
[Date "2019.07.27"]
[Round "1"]
[White "Boldt, Heinrich"]
[Black "Korte, Markus"]
[Result "1/2-1/2"]
[Board "10"]
[WhiteElo "1803"]
[WhiteCountry "GER"]
[WhiteFideId "4644220"]
[WhiteEloChange "6"]
[BlackElo "2028"]
[BlackCountry "GER"]
[BlackFideId "4615620"]
[BlackEloChange "-6"]

1. d4 {[%clk 2:10:54]} d5 {[%clk 2:10:34]} 2. Bf4 {[%clk 2:11:08]} Nf6 {[%clk
2:10:55]} 3. Nf3 {[%clk 2:10:56]} Bf5 {[%clk 2:10:15]} 4. e3 {[%clk 2:10:17]} e6
{[%clk 2:09:23]} 5. Bd3 {[%clk 2:09:53]} Ne4 {[%clk 2:08:13]} 6. O-O {[%clk
2:07:36]} Nd7 {[%clk 2:03:27]} 7. Ne5 {[%clk 2:05:11]} Be7 {[%clk 1:55:42]} 8. f3
{[%clk 1:59:44]} Nd6 {[%clk 1:52:45]} 9. Bxf5 {[%clk 1:52:20]} exf5 {[%clk
1:49:41]} 10. Nc3 {[%clk 1:49:29]} c6 {[%clk 1:45:01]} 11. Qd3 {[%clk 1:47:31]}
O-O {[%clk 1:43:11]} 12. Nxd7 {[%clk 1:42:51]} Qxd7 {[%clk 1:43:26]} 13. Rae1
{[%clk 1:41:55]} Nc4 {[%clk 1:40:22]} 14. Nd1 {[%clk 1:39:45]} Bd6 {[%clk
1:35:53]} 15. b3 {[%clk 1:33:58]} Bxf4 {[%clk 1:27:47]} 16. exf4 {[%clk 1:27:37]}
Nd6 {[%clk 1:26:35]} 17. Re3 {[%clk 1:23:32]} Rfe8 {[%clk 1:22:06]} 18. Rfe1
{[%clk 1:23:37]} Rxe3 {[%clk 1:22:17]} 19. Rxe3 {[%clk 1:23:12]} Re8 {[%clk
1:18:06]} 20. Qe2 {[%clk 1:22:50]} Kf8 {[%clk 1:12:36]} 21. Rxe8+ {[%clk
1:22:20]} Nxe8 {[%clk 1:10:42]} 22. Qe5 {[%clk 1:17:36]} Nd6 {[%clk 1:04:04]} 23.
Kf2 {[%clk 1:11:25]} b6 {[%clk 0:57:54]} 24. a4 {[%clk 1:06:26]} f6 {[%clk
0:52:16]} 25. Qe2 {[%clk 0:59:14]} Kf7 {[%clk 0:44:28]} 26. Qd3 {[%clk 0:57:57]}
g6 {[%clk 0:43:32]} 27. Nc3 {[%clk 0:54:36]} Ne8 {[%clk 0:42:16]} 28. g3 {[%clk
0:53:10]} Nc7 {[%clk 0:42:12]} 29. Na2 {[%clk 0:40:17]} Qd6 {[%clk 0:39:33]} 30.
Qc3 {[%clk 0:32:40]} c5 {[%clk 0:37:40]} 31. Nc1 {[%clk 0:26:22]} Ne6 {[%clk
0:34:29]} 32. dxc5 {[%clk 0:23:59]} bxc5 {[%clk 0:34:41]} 33. Nd3 {[%clk
0:23:41]} Qb6 {[%clk 0:30:25]} 34. Kg2 {[%clk 0:21:42]} Kg7 {[%clk 0:23:53]} 35.
h4 {[%clk 0:21:26]} Qc7 {[%clk 0:18:10]} 36. Kf2 {[%clk 0:19:18]} Qe7 {[%clk
0:14:16]} 37. Qe1 {[%clk 0:16:26]} c4 {[%clk 0:11:13]} 38. bxc4 {[%clk 0:12:38]}
dxc4 {[%clk 0:11:29]} 39. Qb4 {[%clk 0:12:40]} Qc7 {[%clk 0:10:51]} 40. Nb2
{[%clk 0:12:06]} Qd7 {[%clk 0:08:21]} 41. Qxc4 {[%clk 0:08:17]} Qd2+ {[%clk
0:07:59]} 42. Qe2 {[%clk 0:05:48]} Qd4+ {[%clk 0:07:36]} 43. Kf1 {[%clk 0:05:22]}
Qxb2 {[%clk 0:07:05]} 44. Qxe6 {[%clk 0:05:38]} 1/2-1/2

[Event "7th Arber Senior Cup"]
[Site "chess24.com"]
[Date "2019.07.27"]
[Round "1"]
[White "Augustin, Christian"]
[Black "Schuster, Herbert"]
[Result "1-0"]
[Board "11"]
[WhiteElo "1971"]
[WhiteCountry "GER"]
[WhiteFideId "4659295"]
[WhiteEloChange "5"]
[BlackElo "1774"]
[BlackCountry "GER"]
[BlackFideId "24612464"]
[BlackEloChange "-5"]

1. d4 {[%clk 2:10:56]} d5 {[%clk 2:10:33]} 2. Nf3 {[%clk 2:11:10]} Bf5 {[%clk
2:10:02]} 3. e3 {[%clk 2:10:12]} e6 {[%clk 2:10:14]} 4. c4 {[%clk 2:10:07]} Bb4+
{[%clk 2:10:07]} 5. Nc3 {[%clk 2:09:49]} c6 {[%clk 2:09:51]} 6. cxd5 {[%clk
2:08:15]} Bxc3+ {[%clk 2:09:35]} 7. bxc3 {[%clk 2:08:36]} exd5 {[%clk 2:09:51]}
8. Bd3 {[%clk 2:07:11]} Bxd3 {[%clk 2:09:56]} 9. Qxd3 {[%clk 2:07:33]} Nd7 {[%clk
2:09:35]} 10. O-O {[%clk 2:07:38]} Ne7 {[%clk 2:09:47]} 11. Rb1 {[%clk 2:00:57]}
b5 {[%clk 2:09:18]} 12. e4 {[%clk 1:56:30]} Nf6 {[%clk 2:07:07]} 13. exd5 {[%clk
1:49:09]} Qxd5 {[%clk 2:02:18]} 14. Re1 {[%clk 1:48:46]} Qd8 {[%clk 1:59:20]} 15.
Ba3 {[%clk 1:43:57]} Nd5 {[%clk 1:58:53]} 16. Qe4 {[%clk 1:40:04]} Kf8 {[%clk
1:57:22]} 17. Rb2 {[%clk 1:32:10]} b4 {[%clk 1:57:03]} 18. Bxb4 {[%clk 1:30:14]}
Nxb4 {[%clk 1:57:02]} 19. Rxb4 {[%clk 1:30:36]} Qc7 {[%clk 1:55:28]} 20. Reb1
{[%clk 1:26:15]} f6 {[%clk 1:52:04]} 21. Rb7 {[%clk 1:25:01]} Qd6 {[%clk
1:52:06]} 22. c4 {[%clk 1:19:42]} Re8 {[%clk 1:51:48]} 23. Re1 {[%clk 1:19:31]}
c5 {[%clk 1:49:41]} 24. d5 {[%clk 1:18:32]} g6 {[%clk 1:47:00]} 25. Qe6 {[%clk
1:17:25]} Qxe6 {[%clk 1:46:56]} 26. Rxe6 {[%clk 1:17:47]} Ng8 {[%clk 1:44:36]}
27. Rxe8+ {[%clk 1:16:24]} Kxe8 {[%clk 1:45:03]} 28. Rxa7 {[%clk 1:16:34]} Kd8
{[%clk 1:44:29]} 29. d6 {[%clk 1:16:31]} Kc8 {[%clk 1:43:55]} 30. d7+ {[%clk
1:15:50]} Kd8 {[%clk 1:43:59]} 31. Nd2 {[%clk 1:16:00]} Ke7 {[%clk 1:43:19]} 32.
Ne4 {[%clk 1:15:58]} f5 {[%clk 1:41:32]} 33. Nxc5 {[%clk 1:15:54]} 1-0

[Event "7th Arber Senior Cup"]
[Site "chess24.com"]
[Date "2019.07.27"]
[Round "1"]
[White "Loibl, Johann"]
[Black "Kurka, Dieter"]
[Result "0-1"]
[Board "16"]
[WhiteElo "1760"]
[WhiteCountry "AUT"]
[WhiteFideId "1637053"]
[WhiteEloChange "-4"]
[BlackElo "2006"]
[BlackCountry "GER"]
[BlackFideId "12902047"]
[BlackEloChange "4"]

1. e4 {[%clk 2:10:55]} c5 {[%clk 2:10:46]} 2. b4 {[%clk 2:11:17]} cxb4 {[%clk
2:11:04]} 3. a3 {[%clk 2:11:41]} e6 {[%clk 2:11:29]} 4. axb4 {[%clk 2:10:41]}
Bxb4 {[%clk 2:11:49]} 5. c3 {[%clk 2:09:31]} Be7 {[%clk 2:09:10]} 6. d4 {[%clk
2:08:16]} d6 {[%clk 2:05:56]} 7. Nf3 {[%clk 2:05:17]} Nd7 {[%clk 2:04:18]} 8. Bb5
{[%clk 1:59:18]} Nf6 {[%clk 2:02:10]} 9. Nbd2 {[%clk 1:56:34]} O-O {[%clk
2:02:29]} 10. O-O {[%clk 1:56:03]} a6 {[%clk 2:00:33]} 11. Qc2 {[%clk 1:47:50]}
Rb8 {[%clk 1:58:41]} 12. Bd3 {[%clk 1:45:34]} e5 {[%clk 1:58:04]} 13. Nc4 {[%clk
1:40:38]} b5 {[%clk 1:55:14]} 14. Ne3 {[%clk 1:30:48]} g6 {[%clk 1:53:36]} 15.
Ba3 {[%clk 1:18:43]} Re8 {[%clk 1:46:13]} 16. Rfb1 {[%clk 1:16:20]} Bb7 {[%clk
1:33:50]} 17. Ng5 {[%clk 1:02:17]} d5 {[%clk 1:25:02]} 18. exd5 {[%clk 0:50:44]}
Nxd5 {[%clk 1:22:57]} 19. Nh3 {[%clk 0:30:05]} N7b6 {[%clk 1:04:05]} 20. Qd2
{[%clk 0:23:51]} Bf6 {[%clk 0:53:39]} 21. Bb4 {[%clk 0:19:03]} Nxc3 {[%clk
0:51:11]} 22. Bxc3 {[%clk 0:16:26]} exd4 {[%clk 0:50:58]} 23. Ng4 {[%clk
0:14:51]} dxc3 {[%clk 0:50:20]} 24. Qc2 {[%clk 0:13:18]} Bg7 {[%clk 0:50:05]} 25.
f4 {[%clk 0:10:04]} Qd4+ {[%clk 0:47:15]} 26. Kh1 {[%clk 0:10:22]} Nd5 {[%clk
0:47:15]} 27. f5 {[%clk 0:09:29]} Qxg4 {[%clk 0:46:40]} 28. fxg6 {[%clk 0:08:52]}
hxg6 {[%clk 0:46:52]} 29. Rf1 {[%clk 0:08:52]} 0-1

[Event "7th Arber Senior Cup"]
[Site "chess24.com"]
[Date "2019.07.27"]
[Round "1"]
[White "Nusser, Hans-Karl, Dr."]
[Black "Waltenberger, Udo"]
[Result "0-1"]
[Board "28"]
[WhiteElo "1601"]
[WhiteTeam "M�nchener SC"]
[WhiteCountry "GER"]
[WhiteFideId "16226399"]
[WhiteEloChange "-2"]
[BlackElo "1986"]
[BlackTeam "SV Eiche Reichenbrand"]
[BlackCountry "GER"]
[BlackFideId "4634373"]
[BlackEloChange "2"]

1. d4 {[%clk 2:10:30]} Nf6 {[%clk 2:10:30]} 2. c4 {[%clk 2:10:30]} g6 {[%clk
2:10:30]} 3. Nc3 {[%clk 2:10:30]} d5 {[%clk 2:10:30]} 4. cxd5 {[%clk 2:10:30]}
Nxd5 {[%clk 2:10:30]} 5. e4 {[%clk 2:10:30]} Nxc3 {[%clk 2:10:30]} 6. bxc3 {[%clk
2:10:30]} Bg7 {[%clk 2:10:30]} 7. Bc4 {[%clk 2:10:30]} c5 {[%clk 2:10:30]} 8. Ne2
{[%clk 2:10:30]} cxd4 {[%clk 2:10:30]} 9. cxd4 {[%clk 2:10:30]} Nc6 {[%clk
2:10:30]} 10. Bb2 {[%clk 2:10:30]} O-O {[%clk 2:10:30]} 11. O-O {[%clk 2:10:30]}
Na5 {[%clk 2:10:30]} 12. Rc1 {[%clk 2:10:30]} Nxc4 {[%clk 2:10:30]} 13. Rxc4
{[%clk 2:10:30]} Be6 {[%clk 2:10:30]} 14. Rb4 {[%clk 2:10:30]} Bxa2 {[%clk
2:10:30]} 15. Qa4 {[%clk 2:10:30]} Be6 {[%clk 2:10:30]} 16. Rxb7 {[%clk 2:10:30]}
Qc8 {[%clk 2:10:30]} 17. Qb4 {[%clk 2:10:30]} Rb8 {[%clk 2:10:30]} 18. Rxb8
{[%clk 2:10:30]} Qxb8 {[%clk 2:10:30]} 19. Qd2 {[%clk 2:10:30]} Rc8 {[%clk
2:10:30]} 20. Rc1 {[%clk 2:10:30]} Rxc1+ {[%clk 2:10:30]} 21. Qxc1 {[%clk
2:10:30]} Bh6 {[%clk 2:10:30]} 22. Qc2 {[%clk 2:10:30]} Qb3 {[%clk 2:10:30]} 23.
Qxb3 {[%clk 2:10:30]} Bxb3 {[%clk 2:10:30]} 24. d5 {[%clk 2:10:30]} a5 {[%clk
2:10:30]} 25. Ba3 {[%clk 2:10:30]} Kf8 {[%clk 2:10:30]} 26. Nd4 {[%clk 2:10:30]}
Ba4 {[%clk 2:10:30]} 27. Nc6 {[%clk 2:10:30]} Bxc6 {[%clk 2:10:30]} 28. dxc6
{[%clk 2:10:30]} Ke8 {[%clk 2:10:30]} 29. Bc5 {[%clk 2:10:30]} a4 {[%clk
2:10:30]} 30. Kf1 {[%clk 2:10:30]} Bc1 {[%clk 2:10:30]} 31. c7 {[%clk 2:10:30]}
Kd7 {[%clk 2:10:30]} 32. c8Q+ {[%clk 2:10:30]} Kxc8 {[%clk 2:10:30]} 33. Bxe7
{[%clk 2:10:30]} a3 {[%clk 2:10:30]} 34. Ke2 {[%clk 2:10:30]} Bb2 {[%clk
2:10:30]} 35. Bxa3 {[%clk 2:10:30]} Bxa3 {[%clk 2:10:30]} 36. f4 {[%clk 2:10:30]}
Kd7 {[%clk 2:10:30]} 37. Kf3 {[%clk 2:10:30]} Kd6 {[%clk 2:10:30]} 38. Kg4 {[%clk
2:10:30]} Bb2 {[%clk 2:10:30]} 39. f5 {[%clk 2:10:30]} Ke5 {[%clk 2:10:30]} 40.
fxg6 {[%clk 2:10:30]} hxg6 {[%clk 2:10:30]} 41. Kf3 {[%clk 2:10:30]} Bc1 {[%clk
2:10:30]} 42. h4 {[%clk 2:10:30]} f6 {[%clk 2:10:30]} 43. g4 {[%clk 2:10:30]} Bh6
{[%clk 2:10:30]} 44. h5 {[%clk 2:10:30]} gxh5 {[%clk 2:10:30]} 45. gxh5 {[%clk
2:10:30]} Bg5 {[%clk 2:10:30]} 0-1